| 000 | 00535nam a2200205Ia 4500 | ||
|---|---|---|---|
| 003 | LK-CoDNM | ||
| 005 | 20241210094606.0 | ||
| 008 | 010623t1957 xxu||||| |||| 00| 1 sin d | ||
| 040 |
_aLK-CoDNM _dLK-CoDNM _eLK-CoDNM |
||
| 041 | _asin | ||
| 080 | _a8 C-313/14 | ||
| 100 | _aMedananda, Vataddara | ||
| 245 | _aදළදා පූජාවලිය | ||
| 246 | _aDalada Pujavaliya | ||
| 260 |
_bSri Lanka prakashaka samagama _aColombo _c1957 |
||
| 300 | _b168p. ; 19 cm | ||
| 650 | _aLiterature | ||
| 650 | _a1957 | ||
| 942 | _cBK | ||
| 999 |
_c104494 _d104494 |
||